000 00608nam a2200181 i 4500
001 35324
003 ES-MaACL
005 20230911063133.0
007 t|
008 030212s1962 sp ||||1| spa d
100 1 _aBosch Millares, Juan,
_d1893-1983
_930662
245 1 3 _aLa medicina canaria en la época prehispánica /
_cJuan Bosch Millares.
260 _a[S.l. :
_bs.n.,
_c1962] (
_eMadrid :
_fDiana)
300 _a2 t. en 1 v., 8 lám. ;
_c24 cm.
500 _aEs separata de: Anuario de estudios atlánticos.- 1962-nº 8.
852 _aES-MaACL
_jC-23454
_bR.51012
999 _c35324
_d35324